Broad money demand and currency substitution in Turkey

Skúmanie empirického vzťahu medzi širšie definovanými peniazmi, reálnym príjmom, úrokovými mierami, infláciou a očakávaným devízovým kurzom. Testovanie tohto vzťahu v súvislosti s finančnou reformou, dereguláciou finančných trhov a finančných kríz.

Na minha lista:
Detalhes bibliográficos
Autor principal: Civcir, Irfan
Formato: Capítulo de Livro
Idioma:inglês
Assuntos:
Tags: Adicionar Tag
Sem tags, seja o primeiro a adicionar uma tag!

MARC

LEADER 00000naa$a2200000$$$4500
001 0002166
005 20230929075245.0
041 0 |a eng 
044 |a SK 
245 1 0 |a Broad money demand and currency substitution in Turkey  |c aut. Irfan Civcir 
520 |a Skúmanie empirického vzťahu medzi širšie definovanými peniazmi, reálnym príjmom, úrokovými mierami, infláciou a očakávaným devízovým kurzom. Testovanie tohto vzťahu v súvislosti s finančnou reformou, dereguláciou finančných trhov a finančných kríz. 
610 2 0 |a peniaze 
610 2 0 |a dopyt 
610 2 0 |a príjmy reálne 
610 2 0 |a miera úroková 
610 2 0 |a inflácia 
610 2 0 |a kurz devízový 
610 2 0 |a reformy menové 
610 2 0 |a kríza finančná 
610 2 0 |a Turecko 
610 2 0 |a modely 
100 1 |a Civcir, Irfan